00630nam a2200205Ia 450000500170000000800410001702000180005804100120007608200170008810000230010524500990012825000120022726000330023930000210027244000530029365000130034665000210035970000220038070000220040220260429112142.0260429s9999||||xx |||||||||||||| ||und|| a9781032487953 aEnglish a910.684bCOR aCorreia, Antónia 0aInternational case studies in innovation and entrepreneurship in tourism / cAntónia Correia a1st ed. aLondon : bRoutledge,c2024. axix, 217 p.; pbk aRoutledge internaltional case studies in tourism a Tourism aEntrepreneurship a Lopes, Jose Dias a Portugal, Miguel